00778cam a22002537a 4500003000500000005001700005008004100022010000900063011000900072035000900081040000900090082001600099100002800115245005900143260004400202300001700246500011300263650001400376650003300390650003200423650002600455650002000481700002300501CHAP20220329133513.0971013s1919 r 00010 d a7125 a8097 a7322 cCHAP a595.754bW500aWilliams, Douglas John.14aThe scale insects of the tropical south pacific region aOxon :bC.A.B. International,c19 -1990 a3v.b: ilus. aLa biblioteca tiene: v.2 The mealybugs (Pseudococcidae) -- v.3 The soft scales (Coccidae) and other families14aCoccidae.14aEntomología sistemática.14aInsectosxIdentificación.14aInsectosxTrópicos.14aPseudococcidae.0 aWatson, Gillian W.